000 00704nam a2200289Ia 4500
005 20260324133831.0
008 008 260324s9999 xx 000 0 eng d
020 _a9780203167137
037 _aEBOOK
040 _aCRL
040 _beng
040 _cCRL
041 _2eng
041 _aeng
084 _qCRL
100 _aMarie Söderberg
_91170800
245 0 _aChinese-Japanese Relations in the Twenty First Century
245 0 _bComplementarity and Conflict
260 _bTaylor and Francis
260 _c2002
365 _a
365 _b315
856 _uhttp://www.taylorfrancis.com/books/9780203167137
942 _cEBOOK
999 _c1794024
_d1794024